Estadísticas para Ciudades más pobladas de la Unión Soviética (URSS) en el año 1989.

Haz click aquí para intentar la prueba.

Estadísticas generales

  • Esta prueba ha sido intentada 135 veces
  • La puntuación promedio es 7 de 19

Estadísticas de respuestas

PoblaciónCiudad% Correcto
8.769.000Moscú
100%
4.456.000Leningrado
97%
2.587.000Kiev
91%
1.589.000Minsk
78%
1.757.000Bakú
50%
1.199.000Ereván
44%
1.260.000Tiflis
39%
1.094.000Kazán
31%
1.367.000Sverdlovsk
30%
1.110.000Donetsk
27%
1.436.000Novosibirsk
26%
1.115.000Odesa
26%
2.073.000Taskent
21%
1.257.000Kúibishev
20%
1.611.000Járkov
17%
1.148.000Omsk
17%
1.438.000Gorki
14%
1.143.000Cheliábinsk
7%
1.179.000Dnipropetrovsk
3%

Distribución de puntuación

Porcentaje por número respondido

Porcentaje de gente con cada puntuación

Historial de tus puntuaciones

No has intentado esta prueba.